Pequeño malayali (Registro nro. 45821)

Detalles MARC
000 -CABECERA
Longitud fija campo de control 00585nam a2200217Ii 4500
003 - IDENTIFICADOR DEL NUMERO DE CONTROL
Identificador del número de control CO-ViMGA
008 - CODIGOS DE INFORMACION DE LONGITUD FIJA
Códigos de información de longitud fija 241108s9999||||xx |||||||||||||| ||und||
020 ## - NUMERO INTERNACIONAL NORMALIZADO PARA LIBROS
Número Internacional Normalizado para Libros (ISBN) 8498251230
040 ## - FUENTE DE LA CATALOGACION
Centro catalogador de origen CO-ViMGA
Lengua de catalogación spa
Normas de descripción rda
Centro transcriptor CO-ViMGA
041 0# - CODIGO DE LENGUA
Código de lengua del texto/banda sonora o título independiente spa
084 ## - Clasificación Local Alfanúmerica PNLB
Número de clasificación C GEI1
100 1# - PUNTO DE ACCESO PRINCIPAL-NOMBRE DE PERSONA
Nombre de persona Patricia Geis
245 10 - TITULO PROPIAMENTE DICHO
Título Pequeño malayali
264 #1 - PRODUCCION, PUBLICACION , DISTRIBUCION, FABRICACION Y COPYRIGHT
Lugar de producción, publicación, distribución, fabricación Madrid, España : Combel, 2006
300 ## - DESCRIPCION FISICA
Extensión volumen
336 ## - TIPO DE CONTENIDO
Término de tipo de contenido text
Código de tipo de contenido txt
Fuente rdacontent
337 ## - TIPO DE MEDIO
Nombre del tipo de medio unmediated
Código del tipo de medio n
Fuente rdamedia
338 ## - TIPO DE SOPORTE
Nombre del tipo de soporte volume
Código del tipo de soporte nc
Fuente rdacarrier
940 ## -
T&íacute;tulo uniforme <a href="idficha_siabuc: 13674. -- ficha_no_siabuc:13976">idficha_siabuc: 13674. -- ficha_no_siabuc:13976</a>
Existencias
Perdido Estado Físico No para pr&eacute;stamo Forma de adquisición Localizaci&oacute;n permanente Localizaci&oacute;n actual Localización en estanterías Fecha adquisici&oacute;n Pr&eacute;stamos totales Signatura completa C&oacute;digo de barras Fecha &uacute;ltima consulta Fecha &uacute;ltimo pr&eacute;stamo N&uacute;mero de copia Fecha del precio de reemplazo Tipo de item de Koha Note p&uacute;blica
      Colección Sala Infantil de Literatura Pocatil y Tilín Biblioteca Pública Departamental Eduardo Carranza - Villavicencio Biblioteca Pública Departamental Eduardo Carranza - Villavicencio Sala Infantil 04/15/2009 1 C GEI1 ECA18528 07/11/2025 07/04/2025 Ej.1 11/26/2024 LIbro 13674 | 18058









Instituto Departamental de Cultura del Meta - Red Departamental de Bibliotecas Públicas del Meta.